Top 20 Most Famous Countries by Language - Statistics

General Stats
  • This quiz has been taken 3,900 times
  • The average score is 33 of 43
Answer Stats
country % Correct
United Kingdom
98%
United States
98%
Brazil
95%
France
95%
Germany
95%
Canada
94%
Italy
94%
Mexico
94%
Spain
94%
Poland
93%
Russia
93%
Australia
91%
China
91%
Finland
91%
Sweden
91%
Portugal
90%
Argentina
88%
Norway
87%
India
85%
Japan
85%
Chile
78%
Denmark
78%
Colombia
77%
Switzerland
76%
Austria
75%
South Africa
74%
Ireland
72%
Peru
72%
Egypt
68%
Venezuela
68%
Greece
65%
Ukraine
64%
Estonia
61%
Iceland
60%
Cuba
58%
Latvia
58%
Lithuania
57%
Bolivia
54%
Czechia
54%
Uruguay
54%
Paraguay
51%
Morocco
48%
Algeria
47%
No matching quizzes found
Score Distribution
Percent of People with Each Score
Percentile by Number Answered
Your Score History
You have not taken this quiz